000 00688nam a22002057a 4500
005 20251108172821.0
008 250721s2003 xx 000 0 ara d
020 _a9957250345
082 1 4 _a956.0668/خطي
100 1 _aالخطيب، ابراهيم ياسين
245 1 0 _aتاريخ الدولة الزنكية في بلاد الشام و الجزيرة /
264 1 _aعمان :
_bدار قنديل للنشر والتوزيع،
_c2003.
300 _a254ص
650 1 7 _aالزنكيون 1127- 1250
650 1 7 _aالتاريخ الإسلامي
650 1 7 _aالتاريخ العربي
650 1 7 _aالبلدان العربية
942 _2ddc
_cBK
999 _c89200
_d89200